| 000 | 00346nam a2200133Ia 4500 | ||
|---|---|---|---|
| 008 | 210210b1978 xxu||||| |||| 00| 0 eng d | ||
| 082 | _a820.33 RAOP | ||
| 100 | _aRAO (Raja). | ||
| 245 | _aPoliceman and the rose. | ||
| 260 |
_aBombay _bOxford University Press _c1978 |
||
| 300 | _axvi,140 | ||
| 690 | _aIndian English Fiction | ||
| 906 | _aSG01743 | ||
| 999 |
_c113280 _d113280 |
||